| 000 | 00498nam a2200193Ia 4500 | ||
|---|---|---|---|
| 003 | GCL | ||
| 008 | 140319s9999 xx 000 0 eng d | ||
| 040 |
_aGCL / _cGCL |
||
| 082 | 0 | 4 |
_a821 _bH G |
| 100 | 1 | _aHAMPDEN, JOHN | |
| 245 | 1 | 0 |
_aGREAT POEMS: FROM SHAKESPARE TO MANLY HOPKINS / _cHAMPDEN, JOHN |
| 260 |
_a[S.N] : _bPAN BOOK LTD ، _c1990 |
||
| 300 | _a236 P | ||
| 650 | 0 | 4 | _aENGLISH POETRY |
| 650 | 0 | 4 | _aENGLISH LITERATURE |
| 650 | 0 | 4 | _aLITERATURE |
| 650 | 0 | 4 | _aPOETRY |
| 942 |
_2ddc _cBK |
||
| 999 |
_c14217 _d14217 |
||